| 000 | 00457nam a2200169 i 4500 | ||
|---|---|---|---|
| 020 | _a0201075008 : | ||
| 040 | _cDLC | ||
| 082 | _a574 ADD 1979 A033 Or. | ||
| 100 | 1 | _aSchefler, William C | |
| 245 | 1 | 0 | _aStatistics for the biological sciences / |
| 250 | _a2d ed | ||
| 260 |
_aReading, Mass. : _bAddison-Wesley Pub. Co., _cc1979 |
||
| 300 |
_a276 p. in various pagings : _bill. ; _c24 cm |
||
| 500 | _aIncludes index | ||
| 650 | 0 | _aBiometry | |
| 942 | _cEK | ||
| 999 |
_c12570 _d12570 |
||